Names In Countries - Statistics

General Stats
  • This quiz has been taken 37 times
  • The average score is 7 of 22
Answer Stats
Name(s) Country % Correct
Lucia Saint Lucia
69%
Chad Chad
62%
Jordan Jordan
55%
Vincent Saint Vincent and the Grenadines
52%
Georgia Georgia
48%
Israel Israel
45%
Tina Argentina
41%
Dominica Dominican Republic
41%
Isla, Marsha, Marshall Marshall Islands
34%
Philip Philippines
34%
Isla Solomon Islands
31%
Olivia Bolivia
28%
Dominica Dominica
28%
Leon, Sierra Sierra Leone
28%
Roman Romania
24%
Mark Denmark
21%
Rita Mauritania
21%
Gary Hungary
17%
Alan New Zealand
17%
Cara Nicaragua
17%
Eden Sweden
17%
Wanda Rwanda
14%
No matching quizzes found
Score Distribution
Percent of People with Each Score
Percentile by Number Answered
Your Score History
You have not taken this quiz